000 00374nam a2200145Ia 4500
008 231129s1986||||xx |||||||||||||| ||spa||
020 _a958-16-0105-8
040 _bspa
082 _aI823 C928g
100 _aCrichton Michael
245 0 _aEl gran robo del tren
260 _c1986
264 _aLa Montana Magica
942 _2ddc
_cBKS
999 _c11191
_d11191